Машинные методы проектирования СВЧ-устройств (Запись № 6228162)

Подробности
000 -МАРКЕР
контрольное поле 01856nam1a22003131 4500
001 - ИДЕНТИФИКАТОР ЗАПИСИ
контрольное поле rc\3195652
005 - ИДЕНТИФИКАТОР ВЕРСИИ
контрольное поле 20230810143804.0
035 ## - ДРУГИЕ СИСТЕМНЫЕ НОМЕРА
Идентификатор записи (NLR Aleph) 007352952
100 ## - ДАННЫЕ ОБЩЕЙ ОБРАБОТКИ
Данные общей обработки 20120628d1976 |||y0rusy50 ca
101 0# - ЯЗЫК РЕСУРСА
Язык текста, звукозаписи и т.д. русский
102 ## - СТРАНА ПУБЛИКАЦИИ ИЛИ ПРОИЗВОДСТВА
Страна публикации Российская Федерация
105 ## - ПОЛЕ КОДИРОВАННЫХ ДАННЫХ: ТЕКСТОВЫЕ МАТЕРИАЛЫ, МОНОГРАФИЧЕСКИЕ
Кодированные данные о монографическом текстовом документе z |||||
200 1# - ЗАГЛАВИЕ И СВЕДЕНИЯ ОБ ОТВЕТСТВЕННОСТИ
Основное заглавие Машинные методы проектирования СВЧ-устройств
Сведения, относящиеся к заглавию Материалы всесоюз. семинара, Новосибирск, май 1973 г.
-- [В 2 ч.]
Первые сведения об ответственности Под ред. А.С. Ильинского, В.В. Никольского
210 ## - ПУБЛИКАЦИЯ, РАСПРОСТРАНЕНИЕ И ДР.
Место издания, распространения и т.д. Москва
Имя издателя, распространителя и т. д. Изд-во Моск. ун-та
Дата издания, распространения и т.д. 1976
215 ## - ФИЗИЧЕСКАЯ ХАРАКТЕРИСТИКА
Размеры 20
300 ## - ОБЩИЕ ПРИМЕЧАНИЯ
Текст примечания В надзаг.: Моск. гос. ун-т им. М.В. Ломоносова, Фак. вычислит. математики и кибернетики
532 12 - РАСШИРЕННОЕ ЗАГЛАВИЕ
Заглавие Машинные методы проектирования сверхвысокочастотных устройств
606 ## - НАИМЕНОВАНИЕ ТЕМЫ КАК ПРЕДМЕТ
Наименование темы Электронные приборы, сверхвысокочастотные
Тематический подзаголовок Проектирование
-- Математические методы
Формальный подзаголовок Сборники
Код системы psbo
702 #1 - ИМЯ ЛИЦА - ВТОРИЧНАЯ ОТВЕТСТВЕННОСТЬ
Начальный элемент ввода Никольский
Часть имени, кроме начального элемента ввода В. В.
Код отношения Редактор
702 #1 - ИМЯ ЛИЦА - ВТОРИЧНАЯ ОТВЕТСТВЕННОСТЬ
Начальный элемент ввода Ильинский
Часть имени, кроме начального элемента ввода А. С.
Расширение инициалов личного имени Анатолий Серафимович
Код отношения Редактор
712 02 - НАИМЕНОВАНИЕ ОРГАНИЗАЦИИ - ВТОРИЧНАЯ ОТВЕТСТВЕННОСТЬ
Начальный элемент ввода МГУ им. М. В. Ломоносова
Структурное подразделение Факультет вычислительной математики и кибернетики
Идентификатор авторитетной/нормативной записи RU\NLR\AUTH\889936525
Код отношения Прочие
712 12 - НАИМЕНОВАНИЕ ОРГАНИЗАЦИИ - ВТОРИЧНАЯ ОТВЕТСТВЕННОСТЬ
Начальный элемент ввода Всесоюзная конференция по машинному (автоматизированному) проектированию устройств СВЧ
Порядковый номер временной организации и / или порядковый номер ее части 1
Дата проведения временной организации 1973
Место проведения временной организации Новосибирск
Идентификатор авторитетной/нормативной записи RU\NLR\AUTH\880368191
801 #0 - ИСТОЧНИК ЗАПИСИ
Страна Российская Федерация
Организация NLR
Правила каталогизации psbo
801 #1 - ИСТОЧНИК ЗАПИСИ
Страна Российская Федерация
Организация ELAR
Источник данных rusmarc
852 ## - МЕСТОНАХОЖДЕНИЕ И ШИФР ХРАНЕНИЯ
Идентификатор организации NLR
Шифр хранения (Call Number) 77-3/4973
942 ## - ДОПОЛНИТЕЛЬНЫЕ ЭЛЕМЕНТЫ ЗАПИСИ (АБИС)
Тип экземпляра АБИС Книга
980 ## - КОЛЛЕКЦИЯ
Название коллекции Национальная библиография

Нет доступных экземпляров.